| 000 | 01097nam a22003137a 4500 | ||
|---|---|---|---|
| 003 | CHAP | ||
| 005 | 20220817041958.0 | ||
| 008 | 971013s1979 r 00010 d | ||
| 010 | _a30735 | ||
| 011 | _a31707 | ||
| 035 | _a35819 | ||
| 040 | _cCHAP | ||
| 090 | _aTesis | ||
| 100 | 0 | 0 |
_aMarín Ricalde, Luis Fernando. _971511 |
| 245 | _aDeterminación del comportamiento de Boophilus spp. hacia cinco ixodicidas organofosforados en pruebas de campo y labroratorio en Linares, Nuevo León | ||
| 260 |
_aMéxico, D.F. : _bEl autor, _c1979 |
||
| 300 |
_a32 h. _b; gráfs |
||
| 502 | _aTesis (Médico Veterinario Zootecnista) -- UNAM. Fac. de Medicina Veterinaria y Zootecnia | ||
| 590 |
_aALEPH _b10 _c20130110 _lUCH01 _h1252 |
||
| 590 |
_aBATCH-UPD _b10 _c20130110 _lUCH01 _h1742 |
||
| 590 |
_aBATCH-UPD _b10 _c20130410 _lUCH01 _h1121 |
||
| 590 |
_aBATCH-UPD _b10 _c20130914 _lUCH01 _h0658 |
||
| 590 |
_aCONVERSION _b10 _c20130109 _lUCH01 _h1317 |
||
| 650 | 1 | 4 | _aBoophilus microplus. |
| 650 | 1 | 4 |
_aGarrapaticidas. _946934 |
| 901 | _aBK | ||
| 942 | _cTESIS | ||
| 949 |
_bBC _cTES _d-82743 _eTS1 _i35819 _si |
||
| 999 |
_c30735 _d30735 |
||